| 000 | 00419nam a2200169Ia 4500 | ||
|---|---|---|---|
| 008 | 240729s9999 xx 000 0 und d | ||
| 022 | _a2090-1976 | ||
| 245 | 0 | _aJournal of Combustion | |
| 260 | _aUnited Kingdom | ||
| 260 | _bHindawi Limited | ||
| 650 | _a Heat | ||
| 650 | _a Physics | ||
| 650 | _aScience | ||
| 856 | _uhttps://doaj.org/toc/d8b537e49af94aa4afd2f9da0199ad43 | ||
| 942 | _2ddc | ||
| 942 | _cDOAJEJ | ||
| 999 |
_c71441 _d71441 |
||
| 945 |
_a1 _bMadushi Gamage _c1 _dMadushi Gamage |
||